Villes de France avec deux voyelles identiques - Statistiques

Statistiques générales
  • Ce quiz a été pris 94 fois
  • Le résultat moyen est 13 sur 20
Statistiques - réponses
Population Département Ville % Correct
873 000 13 Marseille
98%
504 000 31 Toulouse
91%
225 000 35 Rennes
87%
302 000 34 Montpellier
80%
157 000 38 Grenoble
78%
173 000 42 Saint-Étienne
78%
180 000 83 Toulon
78%
155 000 974 Saint-Denis
76%
114 000 93 Saint-Denis
76%
157 000 69 Villeurbanne
68%
147 000 63 Clermont-Ferrand
65%
166 000 76 Le Havre
65%
147 000 13 Aix-en-Provence
56%
106 000 68 Mulhouse
51%
97 000 92 Nanterre
49%
99 000 59 Tourcoing
47%
105 000 974 Saint-Paul
44%
120 000 92 Boulogne-Billancourt
41%
107 000 95 Argenteuil
39%
96 000 94 Vitry-sur-Seine
25%
Aucun quiz correspondant
Distribution des résultats
% des personnes avec chaque résultat
Percentile par nombre de réponses
Votre historique - résultats
Vous n’avez pas pris ce quiz